| 000 | 00725nam a22002417a 4500 | ||
|---|---|---|---|
| 003 | UA-OsUOA | ||
| 001 | 105341 | ||
| 007 | ta | ||
| 008 | 20140228b un ||||| |||| 00| 0 ukr d | ||
| 100 | _aВасильченко В. | ||
| 090 |
_a347.998.85(438) _bВ19 |
||
| 942 | _cBK | ||
| 040 |
_aUA-OsUOA _bukr _cUA-OsUOA _dUA-OsUOA |
||
| 245 | _aАдміністративне судочинство Республіки Польща | ||
| 300 | _a44 с. | ||
| 955 | _a2 | ||
| 041 | _aukr | ||
| 080 | _a347.998.85(438) | ||
| 591 | _aБФ "Правничі ініціативи" | ||
| 260 |
_aОстрог _bНаУОА _c2007 |
||
| 650 | 7 |
_a347 Цивільне право. Судовий устрій _2UDC |
|
| 999 |
_c391586 _d391586 |
||